000 00321nam a22001337a 4500
008 181010b xxu||||| |||| 00| 0 eng d
020 _a9780803621626
041 _aeng
080 _a610.73
100 _a2
101 _aINF
245 _aAdvanced Practice Nursing of Adults in Acute Care
_cFoster,J.G
942 _2udc
_cBK
999 _c49307
_d49307